Normal view
MARC view
- MDC Publishers
Entry Personal Name
001 - CONTROL NUMBER
- control field: 8821
003 - CONTROL NUMBER IDENTIFIER
- control field: OSt
005 - DATE AND TIME OF LATEST TRANSACTION
- control field: 20170601103832.0
008 - FIXED-LENGTH DATA ELEMENTS
- fixed length control field: 170601|| aca||aabn | a|a d
040 ## - CATALOGING SOURCE
- Original cataloging agency: OSt
- Transcribing agency: OSt
100 ## - HEADING--PERSONAL NAME
- Personal name: MDC Publishers
- Dates associated with a name: 2011
670 ## - SOURCE DATA FOUND
- Source citation: Work cat.: (OSt): MDC Publishers 2011, Akta Cukai Perkhidmatan, Peraturan-Peraturan Cukai Perkhidmatan, Peraturan-Peraturan Cukai Perkhidmatan (Ketetapan Kastam), Perintah Cukai Perkhidmatan (Kadar Cukai), 2011

PORTAL AKMAL
E-MEL JKDM
AKMAL2U
G-BAM
u-PUSTAKA